Objemové zmeny materiálov vhodných pre akumuláciu tepla pri ich tepelnom zaťažení bakalárska práca

Na minha lista:
Detalhes bibliográficos
Autor principal: Bogárová, Edita
Formato: Livro
Idioma:eslovaco
Publicado em: Bratislava STU FCHPT 2016
Acesso em linha:View in OPAC
Tags: Adicionar Tag
Sem tags, seja o primeiro a adicionar uma tag!

MARC

LEADER 00000nam a2200000 a 4500
005 20260127134309.0
008 160919 2016 000 0 slo d
035 |a vtls011579956 
039 9 |y 201609190916  |z mschk03 
040 |a STUSCHK1  |b slo  |c STUSCHK1  |e AACR2 
100 1 |a Bogárová, Edita 
245 1 |a Objemové zmeny materiálov vhodných pre akumuláciu tepla pri ich tepelnom zaťažení  |b bakalárska práca  |c Edita Bogárová 
260 |a Bratislava  |b STU FCHPT  |c 2016 
300 |a 44 s.  |b il.  |c 25 cm 
500 |a Študijný program: chémia, medicínska chémia a chemické materiály 
500 |a Študijný odbor: chémia, chemické technológie 
500 |a Školiace pracovisko: Odd. anorganickej technológie 
500 |a Evid. číslo: FCHPT-13569-64946 
910 |a SCHK95 
999 |c 9101  |d 9101